The last lecture / (Record no. 630)
[ view plain ]
| 000 -LEADER | |
|---|---|
| fixed length control field | 01900cam a2200445La 4500 |
| 005 - DATE AND TIME OF LATEST TRANSACTION | |
| control field | 20260322212028.0 |
| 008 - FIXED-LENGTH DATA ELEMENTS--GENERAL INFORMATION | |
| fixed length control field | data |
| 019 ## - | |
| -- | 228650685 |
| 020 ## - INTERNATIONAL STANDARD BOOK NUMBER | |
| International Standard Book Number | 9781401323257 (pbk.) |
| 020 ## - INTERNATIONAL STANDARD BOOK NUMBER | |
| International Standard Book Number | 1401323251 (pbk.) |
| 029 1# - OTHER SYSTEM CONTROL NUMBER (OCLC) | |
| OCLC library identifier | NZ1 |
| System control number | 12100231 |
| 040 ## - CATALOGING SOURCE | |
| Original cataloging agency | BTCTA |
| Transcribing agency | BTCTA |
| Modifying agency | OrLoB-B |
| -- | LPU |
| -- | DPL |
| -- | NPUBL |
| -- | YDXCP |
| -- | VP@ |
| -- | UPZ |
| -- | GK8 |
| -- | MEA |
| -- | LMR |
| -- | BWX |
| -- | JED |
| -- | TTU |
| -- | OrLoB-B |
| 043 ## - GEOGRAPHIC AREA CODE | |
| Geographic area code | n-us--- |
| 049 ## - LOCAL HOLDINGS (OCLC) | |
| Holding library | JHEE |
| 050 14 - LIBRARY OF CONGRESS CALL NUMBER | |
| Classification number | QA76.2.P38 |
| Item number | A3 2008b |
| 082 04 - DEWEY DECIMAL CLASSIFICATION NUMBER | |
| Classification number | B |
| -- | B |
| Edition information | 22 |
| 082 14 - DEWEY DECIMAL CLASSIFICATION NUMBER | |
| Classification number | 921 |
| Item number | PAUSCH |
| Edition information | 14 |
| 099 ## - LOCAL FREE-TEXT CALL NUMBER (OCLC) | |
| Classification number | PAUSC R |
| 001 - CONTROL NUMBER | |
| control field | data |
| 100 1# - MAIN ENTRY--PERSONAL NAME | |
| Personal name | Pausch, Randy. |
| 245 14 - TITLE STATEMENT | |
| Title | The last lecture / |
| Statement of responsibility, etc. | Randy Pausch & Jeffrey Zaslow. |
| 250 ## - EDITION STATEMENT | |
| Edition statement | 1st ed. |
| 260 ## - PUBLICATION, DISTRIBUTION, ETC. | |
| Place of publication, distribution, etc. | New York : |
| Name of publisher, distributor, etc. | Hyperion, |
| Date of publication, distribution, etc. | c2008. |
| 300 ## - PHYSICAL DESCRIPTION | |
| Extent | x, 206 p. : |
| Other physical details | ill. ; |
| Dimensions | 19 cm. |
| 505 00 - FORMATTED CONTENTS NOTE | |
| Miscellaneous information | VI. |
| Title | Final Remarks. |
| Miscellaneous information | II. |
| Title | Really Achieving Your Childhood Dreams -- |
| Miscellaneous information | III. |
| Title | Adventures... and Lessons Learned -- |
| Miscellaneous information | IV. |
| Title | Enabling the Dreams of Others -- |
| Miscellaneous information | V. |
| Title | It's About How to Live Your Life -- |
| Miscellaneous information | VI. |
| Title | Final Remarks. |
| 520 ## - SUMMARY, ETC. | |
| Summary, etc. | The author, a computer science professor diagnosed with terminal cancer, explores his life, the lessons that he has learned, how he has worked to achieve his childhood dreams, and the effect of his diagnosis on him and his family. |
| 600 10 - SUBJECT ADDED ENTRY--PERSONAL NAME | |
| Personal name | Pausch, Randy |
| General subdivision | Death and burial. |
| 600 10 - SUBJECT ADDED ENTRY--PERSONAL NAME | |
| Personal name | Pausch, Randy |
| General subdivision | Philosophy. |
| 650 #0 - SUBJECT ADDED ENTRY--TOPICAL TERM | |
| Topical term or geographic name entry element | Computer scientists |
| Geographic subdivision | United States |
| Form subdivision | Biography. |
| 650 #0 - SUBJECT ADDED ENTRY--TOPICAL TERM | |
| Topical term or geographic name entry element | Cancer |
| General subdivision | Patients |
| Geographic subdivision | United States |
| Form subdivision | Biography. |
| 650 #0 - SUBJECT ADDED ENTRY--TOPICAL TERM | |
| Topical term or geographic name entry element | Death |
| General subdivision | Psychological aspects. |
| 700 1# - ADDED ENTRY--PERSONAL NAME | |
| Personal name | Zaslow, Jeffrey. |
| 910 ## - USER-OPTION DATA (OCLC) | |
| User-option data | 2771781 |
| -- | Horizon bib# |
| 938 ## - | |
| -- | Baker & Taylor |
| -- | BKTY |
| -- | 16.00 |
| -- | 12.00 |
| -- | 1401309658 |
| -- | 0007583816 |
| -- | active |
| 938 ## - | |
| -- | YBP Library Services |
| -- | YANK |
| -- | 2801225 |
| 938 ## - | |
| -- | Baker and Taylor |
| -- | BTCP |
| -- | BK0007583816 |
| 938 ## - | |
| -- | Blackwell Book Service |
| -- | BBUS |
| -- | R5708820 |
| -- | {dollar}21.95 |
| 938 ## - | |
| -- | Baker & Taylor |
| -- | BKTY |
| -- | 21.95 |
| -- | 16.46 |
| -- | 1401323251 |
| -- | 0007551917 |
| -- | active |
| 994 ## - | |
| -- | C0 |
| -- | JHE |
| Withdrawn status | Lost status | Damaged status | Not for loan | Home library | Current library | Shelving location | Date acquired | Total checkouts | Full call number | Barcode | Date last seen | Price effective from | Koha item type |
|---|---|---|---|---|---|---|---|---|---|---|---|---|---|
| Springfield | Springfield | General stacks | 22/03/2026 | 004.092 B 22 | BC0010647 | 22/03/2026 | 22/03/2026 | Books |